LEADER 01014nam0-2200361---45-- 001 990000493020203316 005 19970919000000.0 035 $a0049302 035 $aUSA010049302 035 $a(ALEPH)000049302USA01 035 $a0049302 100 $a20001027d1961----km-y1itay0103----ba 101 $aita 102 $aIT 105 $aa|||||||001yy 200 1 $a<> nocciolo$fGiovanni Ricci Bitti 210 $aBologna$cEdagricole$d1961 215 $a44 p.$cill.$d19 cm. 225 2 $aUniversale Edagricole$v4 410 0$12001$aUniversale Edagricole$v4 606 $aNocciolo$xColtivazione 676 $a634.54 700 1$aRICCI BITTI,$bGiovanni$0353806 801 0$aIT$bUNPD$c19970919$gRICA 912 $a990000493020203316 951 $a634.54 RIC$b2696 Farm.$c634$d00073651 959 $aBK 969 $aFAR 979 $aJOHNNY$b90$c20010604$lUSA01$h1815 979 $c20020403$lUSA01$h1658 979 $aPATRY$b90$c20040406$lUSA01$h1634 996 $aNocciolo$9372401 997 $aUNISA LEADER 01166nam a22002771i 4500 001 991000535349707536 005 20031208122729.0 008 040220s1969 uik|||||||||||||||||eng 035 $ab12632119-39ule_inst 035 $aARCHE-063046$9ExL 040 $aDip.to Scienze pedagogiche$bita$cA.t.i. Arché s.c.r.l. Pandora Sicilia s.r.l. 082 04$a423.15 100 1 $aJones, Daniel$d<1881-1967>$0163768 245 10$aEveryman's english pronouncing dictionary :$bcontaining over 58000 words in international phonetic transcription /$cby Daniel Jones ; edited by A. C. Gimson, reprinted with corrections 250 $a13 ed. 260 $aLondon :$bDent,$c1969 300 $aXLVI, 544 p. ;$c20 cm 440 0$aEveryman's reference library 650 4$aLingua inglese$xPronuncia$xDizionari 700 1 $aGimson, Alfred Charles 907 $a.b12632119$b02-04-14$c17-03-04 912 $a991000535349707536 945 $aLE022 MP 72 C 28$g1$i2022000070119$lle022$o-$pE0.00$q-$rl$s- $t0$u0$v0$w0$x0$y.i13134279$z17-03-04 996 $aEveryman's English pronouncing dictionary$9133096 997 $aUNISALENTO 998 $ale022$b17-03-04$cm$da $e-$feng$guik$h0$i1